[Event "Floripa Chess Open 2024"]
[Site "Florianopolis"]
[Date "2024.01.24"]
[Round "6.170"]
[White "Moreira, Everaldo Bonifacio"]
[Black "Antunes, Luan Netto Nikifork"]
[Result "1-0"]
[WhiteElo "1541"]
[BlackElo "1797"]
[PlyCount "55"]
[EventDate "2024.01.20"]
[EventRounds "10"]
[EventCountry "BRA"]

1. c4 e6 2. d4 d5 3. Nf3 Nf6 4. Nc3 Be7 5. Bg5 O-O 6. e3 h6 7. Bh4 c6 8. Bd3
Nbd7 9. O-O b6 10. Qe2 Bb7 11. Rac1 ({RR} 11. Rfd1 Ne4 12. Bg3 Nxc3 13. bxc3
Nf6 14. Ne5 Nd7 15. Rab1 Nxe5 16. Bxe5 Bd6 17. Bxd6 Qxd6 18. c5 Qc7 19. Qb2 b5
20. a4 a6 21. e4 Bc8 22. e5 Bd7 23. Ra1 Rfb8 24. Qd2 Bc8 25. h4 bxa4 {Gelfand,
B (2741)-Grachev,B (2654) Moscow 2010 1-0}) ({RR} 11. Rad1 dxc4 12. Bxc4 b5 13.
Bd3 b4 14. Nb1 Rc8 15. h3 c5 16. Bb5 g5 17. Bg3 Qb6 18. Nbd2 Rfd8 19. Bd3 cxd4
20. Nc4 Qc5 21. exd4 Qd5 22. Ne3 Qa5 23. Ne5 Nf8 24. f4 Rxd4 25. fxg5 hxg5 {
Davtyan,A (2454)-Hayrapetyan,H (2499) Yerevan ARM 2022 1-0 (35)}) 11... c5 12.
cxd5 exd5 13. Rfd1 $146 ({RR} 13. Rfe1 Ne4 14. Bxe7 Qxe7 15. Bb5 Nxc3 16. Rxc3
Nf6 17. Rec1 c4 18. Ne5 Qd6 19. Rf1 a6 20. Ba4 b5 21. Bd1 a5 22. Rc1 Ba6 23.
Re1 Rac8 24. Qf3 Qb4 25. Qe2 Qd6 26. Bc2 b4 27. Qf3 Rc7 {Reinke,K (1863)
-Dorozala,J (1855) Voelklingen 2001 0-1 (63)}) 13... Ne4 14. Bxe7 Qxe7 15. h3
Rfd8 16. a3 Ndf6 17. Ne5 Nd7 18. Nf3 Rac8 19. dxc5 Ndxc5 20. Bxe4 dxe4 21.
Rxd8+ Rxd8 22. Nd4 Ba6 23. Qg4 Rd6 24. Nf5 Qf6 25. Nxd6 Qxd6 26. Nxe4 Nxe4 27.
Qxe4 Qd2 28. Qc2 1-0

[Event "Floripa Chess Open 2024"]
[Site "Florianopolis"]
[Date "2024.01.24"]
[Round "6.171"]
[White "Coutinho, Lucas Buss Soares"]
[Black "Cunha, Rodrigo Azalim"]
[Result "0-1"]
[WhiteElo "1233"]
[BlackElo "1540"]
[PlyCount "90"]
[EventDate "2024.01.20"]
[EventRounds "10"]
[EventCountry "BRA"]

1. e4 c5 2. Nf3 d6 3. Bb5+ Nd7 4. a4 a6 5. Bc4 ({RR} 5. Be2 Ngf6 6. Nc3 g6 7.
O-O Bg7 8. a5 O-O 9. d3 Rb8 10. Qd2 e5 11. Qg5 h6 12. Qh4 g5 13. Bxg5 hxg5 14.
Nxg5 Re8 15. f4 Nf8 16. Qg3 exf4 17. Rxf4 Ng6 18. Rf2 Re5 19. h4 Nh7 {Gumularz,
S (2539)-Tazbir,M (2508) Katowice POL 2021 0-1 (34)}) 5... Ngf6 6. Nc3 ({RR} 6.
Qe2 e6 7. a5 Be7 8. O-O O-O 9. c3 d5 10. exd5 exd5 11. Bb3 Bd6 12. d4 Re8 13.
Qd1 h6 14. h3 Bc7 15. dxc5 Nxc5 16. Bc2 Nce4 17. b4 Qd6 18. Be3 Bd7 19. Bd4 Ng5
20. Nbd2 Nfe4 {Mangialardo,T (1965)-Rodchenkov,S (2346) chess.com INT 2022 0-1}
) 6... g6 7. Ng5 $146 ({RR} 7. O-O Bg7 8. a5 e5 9. d3 O-O 10. Bd2 h6 11. Qb1
Nb8 12. b4 cxb4 13. Qxb4 Nc6 14. Qa3 Bg4 15. Ne1 Nd4 16. f3 Be6 17. Na4 d5 18.
exd5 Nxd5 19. c3 Ne2+ 20. Kf2 Ndf4 21. g3 Bxc4 {Hojjatova,A (2339)-Kulon,K 
(2346) Baku 2016 0-1 (31)}) ({RR} 7. Qe2 Ne5 8. Nxe5 dxe5 9. d3 Bg7 10. a5 Bg4
11. f3 Bd7 12. Be3 Rc8 13. Qf2 Qc7 14. O-O e6 15. Qh4 Nh5 16. g3 O-O 17. Kh1
Kh8 18. Bd2 Qd6 19. Rae1 Bc6 20. Ne2 Rc7 21. Bc3 f5 {Yakimenko,A (2094)
-Pokhvalit,A (2087) Voronezh RUS 2018 0-1 (67)}) ({RR} 7. a5 Bg7 8. Bxf7+ Kf8
9. O-O Ne5 10. Nxe5 dxe5 11. Bb3 Bh6 12. d3 Bxc1 13. Qxc1 Kg7 14. Qg5 Qd6 15.
f4 Ng4 16. Nd5 c4 17. Bxc4 Qc5+ 18. Kh1 Nf2+ 19. Rxf2 Qxf2 20. Qxe7+ Kh6 21.
Qg5+ Kg7 {Zhou,W (2347)-Szoen,D (2163) Oropesa del Mar 2000 1-0}) 7... Ne5 8.
Ba2 h6 9. f4 hxg5 10. fxe5 Bg4 11. Ne2 Nxe4 12. O-O e6 13. Qe1 dxe5 14. d3 Nd6
15. Nc3 Nf5 16. Qxe5 Bg7 17. Qe4 Bd4+ 18. Rf2 Bxf2+ 19. Kxf2 Qd4+ 20. Qxd4 Nxd4
21. Ne4 Nxc2 22. Rb1 Bf5 23. Bxg5 Bxe4 24. dxe4 Nb4 25. Bc4 Rxh2 26. Kg3 Rh5
27. Be3 Rd8 28. Be2 Re5 29. Bf3 Nd3 30. Kh4 f5 31. Bg5 Rd7 32. Bf6 fxe4 33.
Bxe5 exf3 34. Bc3 fxg2 35. Kg3 b5 36. axb5 axb5 37. Kxg2 b4 38. Bf6 c4 39. Kg3
Rf7 40. Bd4 e5 41. Be3 c3 42. bxc3 bxc3 43. Rb3 Rc7 44. Bd2 cxd2 45. Rxd3 Rd7
0-1

[Event "Floripa Chess Open 2024"]
[Site "Florianopolis"]
[Date "2024.01.24"]
[Round "6.172"]
[White "Monteiro, Helen Ramazzotte"]
[Black "Gorgen, Raphael Rebello Hor"]
[Result "1/2-1/2"]
[WhiteElo "1533"]
[BlackElo "1779"]
[PlyCount "145"]
[EventDate "2024.01.20"]
[EventRounds "10"]
[EventCountry "BRA"]

1. c4 e6 2. Nc3 d5 3. d4 Nf6 4. Nf3 a6 5. g3 Nbd7 6. Bg2 Be7 7. O-O dxc4 8. Qa4
O-O 9. Qxc4 b5 $146 ({RR} 9... c5 10. dxc5 Bxc5 11. a4 Qe7 12. Rb1 Nb6 13. Qh4
Nfd5 14. Bg5 f6 15. Bd2 Bb4 16. e4 Nxc3 17. bxc3 Ba5 18. e5 Qc7 19. exf6 gxf6
20. Bh6 Rf7 21. Ng5 fxg5 22. Qxg5+ Kh8 23. Qxa5 Nd5 24. Qxc7 {Medak,B (2396)
-Cherin,D (2233) Pula 2015 1-0 (36)}) 10. Qd3 Bb7 11. e3 c5 12. dxc5 Nxc5 13.
Qxd8 Rfxd8 14. Nd4 Bxg2 15. Kxg2 Rac8 16. Kf3 h5 17. Ke2 b4 18. Nb1 Ng4 19. h3
Ne5 20. b3 a5 21. Nd2 a4 22. f4 Nc6 23. Nxc6 Rxc6 24. bxa4 Nxa4 25. e4 Rc2 26.
Kd1 Rc3 27. Rg1 h4 28. Ke2 Bc5 29. Rg2 Rxg3 30. Rxg3 hxg3 31. Nb3 Nc3+ 32. Kf3
Rd3+ 33. Kg2 Bf2 34. e5 Ne2 35. Bd2 Nc3 36. h4 Kh7 37. Bxc3 bxc3 38. Kf1 c2 39.
Rc1 Rd1+ 40. Kg2 Kg6 41. Rxc2 Rd3 42. Nc1 Rd4 43. Ne2 Rd3 44. Nc1 Ra3 45. Nb3
Ra4 46. Nd2 Rxf4 47. Nf3 Ra4 48. Re2 Kf5 49. Kh3 Kg6 50. Ng5 Kh5 51. Ne4 Ra3
52. Ng5 Kg6 53. Ne4 Kf5 54. Ng5 Kg6 55. Ne4 Ra5 56. Nxg3 Bxg3 57. Kxg3 Kf5 58.
Rf2+ Kg6 59. h5+ Kxh5 60. Rxf7 Kg6 61. Re7 Rxe5 62. Ra7 Kf6 63. a4 Re1 64. a5
Ra1 65. a6 g6 66. Ra8 Ke5 67. a7 Ra4 68. Kf3 g5 69. Kg3 Ke4 70. Kg4 Ra5 71. Re8
Rxa7 72. Rxe6+ Kd5 73. Rg6 1/2-1/2

[Event "Floripa Chess Open 2024"]
[Site "Florianopolis"]
[Date "2024.01.24"]
[Round "6.173"]
[White "Salamanca Paraguayo, Mateo"]
[Black "Mariani, Kim Paul"]
[Result "1/2-1/2"]
[WhiteElo "1182"]
[BlackElo "1530"]
[PlyCount "114"]
[EventDate "2024.01.20"]
[EventRounds "10"]
[EventCountry "BRA"]

1. e4 c5 2. Nf3 a6 3. Nc3 e6 4. a4 d5 5. exd5 exd5 6. d4 Nc6 ({RR} 6... Bg4 7.
Be2 Nc6 8. dxc5 d4 9. Ne4 Qd5 10. Nd6+ Kd7 11. O-O Qxc5 12. Ne4 Qd5 13. Ng3 Re8
14. Nxd4 Nxd4 15. Bxg4+ f5 16. Bxf5+ Kc6 17. Bg4 Nf6 18. c3 Nxg4 19. Qxg4 Nc2
20. Rb1 Qd3 21. Bf4 {Nguyen,H (1697)-Lauridsen,J (2215) chess.com INT 2022 1-0
(54)}) 7. Be2 Nf6 8. Bg5 $146 ({RR} 8. O-O Bg4 9. Bg5 c4 10. Ne5 Bxe2 11. Nxc6
Bxd1 12. Nxd8 Rxd8 13. Re1+ Be7 14. Bxf6 gxf6 15. Raxd1 Kf8 16. Re3 Bb4 17. Ne2
Bd6 18. Rf3 Re8 19. Nc3 Kg7 20. Kf1 Re6 21. Nxd5 Rd8 22. Ne3 b5 {Szocs,T (1923)
-Levi,N (1997) Iasi 2017 1-0 (46)}) 8... Be7 9. O-O O-O 10. dxc5 d4 11. Bxf6
Bxf6 12. Ne4 Be7 13. Qd2 Bf5 14. Ng3 Bg6 15. b4 a5 16. Bd3 Nxb4 17. Bxg6 hxg6
18. Ne4 Nc6 19. Nfg5 Qd7 20. c3 Rad8 21. Rad1 f5 22. Nd6 Bxd6 23. Qa2+ Rf7 24.
Nxf7 Qxf7 25. Qxf7+ Kxf7 26. cxd6 Rxd6 27. cxd4 Nxd4 28. Kh1 Ke6 29. Rd3 Ke5
30. Rb1 Ke4 31. Rdd1 b6 32. Rbc1 Kd5 33. h3 g5 34. Ra1 g4 35. Ra2 gxh3 36. gxh3
Kc4 37. Rc2+ Kb3 38. Rcd2 Kc3 39. Rd3+ Kc4 40. R3d2 g5 41. Rc2+ Kb3 42. Rcd2
Kc3 43. Rd3+ Kc4 44. R3d2 f4 45. Rc2+ Kb3 46. Rcd2 Kc3 47. Rd3+ Kc4 48. R3d2 f3
49. Kh2 Kc3 50. Rd3+ Kc4 51. Re3 Kb4 52. Re4 Kc4 53. Kg3 Kc3 54. Kg4 Rd5 55.
Re3+ Kc4 56. Rc1+ Kb4 57. Rd1 Kc5 1/2-1/2

[Event "Floripa Chess Open 2024"]
[Site "Florianopolis"]
[Date "2024.01.24"]
[Round "6.174"]
[White "Poli, Maria Luiza De Oliv"]
[Black "Barbosa, Rafael Santos"]
[Result "0-1"]
[WhiteElo "1171"]
[BlackElo "1524"]
[PlyCount "106"]
[EventDate "2024.01.20"]
[EventRounds "10"]
[EventCountry "BRA"]

1. e4 c6 2. d4 d5 3. exd5 cxd5 4. Nc3 Nc6 5. Nf3 Nf6 6. Bb5 Bg4 7. Bf4 ({RR} 7.
h3 Bxf3 8. Qxf3 e6 9. O-O Be7 10. Be3 O-O 11. Bxc6 bxc6 12. Ne2 a5 13. Nf4 a4
14. Nd3 Nd7 15. Rad1 Qb6 16. c3 Rfc8 17. Rfe1 Qd8 18. Qe2 Bd6 19. c4 dxc4 20.
Ne5 Bxe5 21. dxe5 Qc7 {Pozzi,E (2295)-Meduna,E (2485) Forli 1989 0-1}) 7... e6
8. a3 $146 ({RR} 8. Qd3 Bf5 9. Qd2 Bb4 10. Bg5 O-O 11. Bxf6 Qxf6 12. Bxc6 bxc6
13. Ne5 Rfc8 14. a3 Bd6 15. f4 Qh4+ 16. g3 Qh6 17. O-O-O f6 18. Nd3 Bxd3 19.
Qxd3 Qh5 20. Rde1 Qf7 21. Rhf1 c5 22. Nb5 Bb8 {Aguado,I-Pila Diez,M Spain 1996
1/2-1/2 (43)}) ({RR} 8. O-O Be7 9. Bxc6+ bxc6 10. Qd3 Bxf3 11. Qxf3 O-O 12. Ne2
Ne4 13. Nc3 Nf6 14. Rfe1 Qb6 15. Rab1 Qxd4 16. Red1 Qb6 17. Be3 Qc7 18. Ne2 Ne4
19. c4 Nd6 20. Bf4 Qd7 21. b3 Ne4 22. Qxe4 Rfd8 {Louka,M (1281)-Galani,D (1295)
Greece 2014 1/2-1/2 (56)}) ({RR} 8. O-O Bb4 9. Qd3 O-O 10. Bxc6 Bxc3 11. Qxc3
Rc8 12. Ne5 Ne4 13. Qd3 bxc6 14. Nxg4 Qh4 15. Qh3 Qxh3 16. gxh3 f5 17. Ne5 g5
18. Be3 f4 19. f3 fxe3 20. fxe4 dxe4 21. Rxf8+ Rxf8 22. Rf1 Rf5 {Kubikova,
A-Tyle,J Klatovy 1997 1-0}) ({RR} 8. O-O Bd6 9. Bxd6 Qxd6 10. Qd3 Bf5 11. Qd2
O-O 12. Rfe1 a6 13. Bd3 Bxd3 14. Qxd3 Rac8 15. Ne5 Qb4 16. Nxc6 Rxc6 17. Rab1
Rc4 18. a3 Qb6 19. Ne2 Rfc8 20. c3 Qb3 21. Qd1 Qxd1 22. Rbxd1 b5 {Pink,
J-Sharomova,E Churchill 2000 0-1 (48)}) 8... Bd6 9. Bg3 O-O 10. Bxc6 bxc6 11.
O-O c5 12. Nb5 Bxg3 13. fxg3 a6 14. Nc3 cxd4 15. Qxd4 Bf5 16. Qd2 Qc7 17. Rae1
Rab8 18. Na4 Qxc2 19. Qa5 Qc4 20. Rc1 Qb5 21. Qxb5 axb5 22. Nc3 b4 23. axb4
Rxb4 24. Rf2 Rfb8 25. Nh4 Bg6 26. Nxg6 hxg6 27. Rcc2 Ra8 28. Rf4 Rb7 29. h3
Rab8 30. Rff2 Rb4 31. Na2 R4b7 32. Kh2 Ne8 33. g4 Nd6 34. Nc1 Nc4 35. Nd3 Rb3
36. Nc5 Rxb2 37. Rxb2 Rxb2 38. Rxb2 Nxb2 39. Kg3 Kf8 40. Kf3 Ke7 41. Ke3 Nc4+
42. Kd3 Ne5+ 43. Kd4 Nd7 44. Nd3 Kd6 45. h4 e5+ 46. Ke3 d4+ 47. Ke4 Nc5+ 48.
Nxc5 Kxc5 49. Kd3 Kd5 50. h5 g5 51. g3 e4+ 52. Ke2 d3+ 53. Ke3 Kc4 0-1

[Event "Floripa Chess Open 2024"]
[Site "Florianopolis"]
[Date "2024.01.24"]
[Round "6.175"]
[White "De Andrade, Alexandre Rodrigues"]
[Black "Da Silva, Kauan Salvagni Tele"]
[Result "1/2-1/2"]
[WhiteElo "1800"]
[BlackElo "1517"]
[PlyCount "92"]
[EventDate "2024.01.20"]
[EventRounds "10"]
[EventCountry "BRA"]

1. e4 e6 2. d4 d5 3. e5 c5 4. c3 Nc6 5. Nf3 cxd4 6. cxd4 Nge7 7. Bg5 Qb6 8. Qd2
({RR} 8. Bxe7 Bxe7 9. Qd2 O-O 10. Nc3 f6 11. Bb5 Bd7 12. Bxc6 Bxc6 13. O-O Kh8
14. a3 Be8 15. Rae1 Bh5 16. exf6 Rxf6 17. Ng5 h6 18. Nxd5 exd5 19. Rxe7 hxg5
20. Qxg5 Bf7 21. Qd2 Re8 22. Re5 Rxe5 {Nascimento,J (1770)-Batista,R (1948)
Sao Bernardo do Campo 2017 1-0 (37)}) 8... Nf5 9. Be3 Bd7 10. Be2 $146 ({RR} 
10. Nc3 Rc8 11. Be2 Be7 12. O-O Nxe3 13. fxe3 h6 14. Kh1 O-O 15. e4 dxe4 16.
Nxe4 Qb4 17. Rfd1 Qxd2 18. Rxd2 Nb4 19. Bd1 Rc7 20. Bb3 Bc6 21. Nc3 Rd8 22. Rf1
Rcd7 23. Ne2 Rc7 24. Nc3 Nd5 {Lengwenus,D-Huppertz,A Darmstadt 1995 0-1 (46)})
10... Be7 11. O-O h6 12. Nc3 g5 13. g4 Nxe3 14. fxe3 O-O-O 15. e4 dxe4 16. Nxe4
Kb8 17. a3 Na5 18. Rab1 Nb3 19. Qd3 Bc6 20. Rfd1 Bxe4 21. Qxe4 Nxd4 22. Kg2
Nxe2 23. Qxe2 Rxd1 24. Rxd1 Rd8 25. b4 Rxd1 26. Qxd1 Qd8 27. Qc2 Qd5 28. Qc3
Qe4 29. h3 Qe2+ 30. Kg3 a6 31. Qd4 Qb5 32. Qc3 Bd8 33. Qc5 Qxc5 34. bxc5 Ba5
35. Nd4 Bc3 36. Nf3 Kc7 37. h4 gxh4+ 38. Kxh4 Kc6 39. Kh5 Kxc5 40. Kxh6 Kd5 41.
Kg7 Ke4 42. Ng5+ Kxe5 43. Kxf7 Kf4 44. Nxe6+ Kxg4 45. Nc5 Bb2 46. a4 b5 1/2-1/2

[Event "Floripa Chess Open 2024"]
[Site "Florianopolis"]
[Date "2024.01.24"]
[Round "6.176"]
[White "Drun, Wesley Castilhos"]
[Black "Grams, Leon Honke"]
[Result "0-1"]
[WhiteElo "1800"]
[BlackElo "1513"]
[PlyCount "64"]
[EventDate "2024.01.20"]
[EventRounds "10"]
[EventCountry "BRA"]

1. Nf3 c5 2. g3 g6 3. Bg2 Bg7 4. O-O Nc6 5. c4 d6 6. Nc3 Nf6 7. b3 Ne4 8. Bb2
O-O 9. Qc2 ({RR} 9. Qc1 Nxc3 10. Bxc3 e5 11. e3 Bg4 12. d3 Qd7 13. Re1 h6 14.
Qb2 Rab8 15. Nd2 a6 16. a3 b5 17. Qc2 Be6 18. Rab1 Rfc8 19. Red1 d5 20. cxd5
Bxd5 21. Ne4 Nd4 22. Qb2 b4 23. Bxb4 cxb4 {McShane,L (2685)-Li,R (2394)
Arlington 2015 1/2-1/2 (52)}) 9... Nxc3 10. Bxc3 e5 11. d3 ({RR} 11. a3 Qe7 12.
d3 f5 13. e3 g5 14. Nd2 f4 15. b4 fxe3 16. fxe3 Bf5 17. Ne4 Rac8 18. Qe2 b6 19.
b5 Nb8 20. g4 Be6 21. Ng3 Qd7 22. h3 d5 23. e4 d4 24. Bd2 a5 25. Bxg5 Qd6 {
Rueda Marquez,D (2110)-Salvany Rius,J (1952) Barcelona ESP 2018 1-0 (34)})
11... Be6 $146 ({RR} 11... f5 12. Qb2 Be6 13. a3 a5 14. h4 h6 15. Qd2 Qd7 16.
Rab1 e4 17. Ne1 Bxc3 18. Qxc3 Nd4 19. Qd2 f4 20. Bxe4 fxg3 21. fxg3 Rxf1+ 22.
Kxf1 Bh3+ 23. Kf2 Qg7 24. Nf3 Rf8 25. b4 g5 26. hxg5 {Koemetter,R-Berger,J
Lienz 1988 1/2-1/2}) 12. Rfd1 d5 13. cxd5 Bxd5 14. Rac1 Rc8 15. Qb2 Nd4 16. Ne1
Bxg2 17. Nxg2 Qd5 18. Ne3 Qe6 19. Kg2 f5 20. Nf1 f4 21. Bxd4 exd4 22. f3 Rfe8
23. Rc2 h5 24. gxf4 h4 25. Qc1 Bh6 26. Qd2 Qf5 27. Qe1 Qxf4 28. Qa5 a6 29. Qb6
Re7 30. Kh1 Qf5 31. Re1 h3 32. Ng3 Qxf3+ 0-1

[Event "Floripa Chess Open 2024"]
[Site "Florianopolis"]
[Date "2024.01.24"]
[Round "6.177"]
[White "Luzzi Meli, Pedro Allonso"]
[Black "Vieira, Luana Saddi"]
[Result "0-1"]
[WhiteElo "1800"]
[BlackElo "1501"]
[PlyCount "56"]
[EventDate "2024.01.20"]
[EventRounds "10"]
[EventCountry "BRA"]

1. c4 Nf6 2. d3 g6 3. Nc3 Bg7 4. g3 O-O 5. Bg2 d6 6. Bd2 e5 ({RR} 6... Nc6 7.
Qc1 e5 8. Bh6 Bxh6 9. Qxh6 Nd4 10. Qd2 c6 11. e3 Ne6 12. Nf3 a5 13. O-O Re8 14.
b3 Qe7 15. Rfe1 Nc5 16. d4 Nce4 17. Nxe4 Nxe4 18. Qb2 Nf6 19. c5 e4 20. cxd6
Qxd6 21. Ne5 {Gundavaa,B (2489)-Alekseev,E (2620) Moscow RUS 2019 1/2-1/2 (41)}
) 7. e4 Be6 $146 ({RR} 7... c6 8. Nge2 Nbd7 9. b4 Nh5 10. O-O f5 11. Rc1 f4 12.
f3 g5 13. g4 Ndf6 14. gxh5 Nxh5 15. Be1 g4 16. Kh1 g3 17. Nxg3 fxg3 18. hxg3
Qg5 19. Ne2 Qh6 20. Kg1 Bf6 21. Rc2 Bg5 22. Bf2 {David,I (1793)-Kouis,M
Brighton 2012 1-0 (33)}) ({RR} 7... Nc6 8. Nge2 Be6 9. O-O Qd7 10. Rb1 a5 11.
a3 Bh3 12. Nd5 Bxg2 13. Kxg2 Ne7 14. Nxe7+ Qxe7 15. f4 c6 16. f5 d5 17. Bg5
dxe4 18. dxe4 h6 19. Bxf6 Bxf6 20. Qb3 Rfd8 21. fxg6 fxg6 22. Rbd1 {Volland,B 
(1846)-Kokje,J (2207) Dublin IRL 2019 0-1 (35)}) ({RR} 7... Nc6 8. Nge2 Be6 9.
O-O Qd7 10. f4 Bh3 11. Kh1 Bxg2+ 12. Kxg2 Ne7 13. Qb3 c6 14. Rae1 Rad8 15. Qa3
exf4 16. Nxf4 b6 17. h3 Rfe8 18. Kh2 Qb7 19. Nd1 Nd7 20. Ne3 b5 21. Bc3 Ne5 22.
Qb3 {Antoniewski,R (2550)-Petenyi,T (2469) Slovakia 2014 1/2-1/2 (46)}) 8. Nge2
Qd7 9. Qc1 Re8 10. Nd5 c6 11. Nxf6+ Bxf6 12. f4 Bg4 13. h3 Bxe2 14. Kxe2 Na6
15. b4 exf4 16. gxf4 Bxa1 17. Qxa1 d5 18. cxd5 cxd5 19. Qd4 Qe6 20. Bc3 f6 21.
Qxf6 Qxf6 22. Bxf6 Rac8 23. Kd2 Nxb4 24. Rc1 Rxc1 25. Kxc1 Nxd3+ 26. Kd2 Nxf4
27. Bh1 dxe4 28. Ke3 Nd5+ 0-1

[Event "Floripa Chess Open 2024"]
[Site "Florianopolis"]
[Date "2024.01.24"]
[Round "6.178"]
[White "Machado, Gilmar Dias"]
[Black "Fernandez Pena, Daniel"]
[Result "1-0"]
[WhiteElo "1764"]
[BlackElo "1800"]
[PlyCount "95"]
[EventDate "2024.01.20"]
[EventRounds "10"]
[EventCountry "BRA"]

1. e4 {Hecht,H} c6 2. d4 d5 3. e5 Bf5 4. h4 h5 5. Be2 g6 ({RR} 5... e6 6. Bxh5
c5 7. Bg4 Rxh4 8. Rxh4 Qxh4 9. Bxf5 exf5 10. g3 Qxd4 11. Qxd4 cxd4 12. Nf3 Nc6
13. Bf4 Rc8 14. a3 f6 15. exf6 Nxf6 16. Nbd2 Ne4 17. Nb3 g6 18. Rd1 Bg7 19.
Nbxd4 Nxd4 20. Nxd4 {Yemelin,V (2460)-Epishin,V (2620) St Petersburg 1996 CBM
056 [Hecht,H] 1/2-1/2 (38)}) ({RR} 5... e6 6. Nf3 Be7 7. Ng5 Bg6 8. O-O c5 9.
dxc5 Nc6 10. Be3 Nxe5 11. Nd2 Nf6 12. b4 O-O 13. c3 b6 14. Bd4 Qc7 15. Nb3 Ned7
16. cxb6 axb6 17. Qd2 Ne5 18. Bxe5 Qxe5 19. Nd4 Rfc8 20. g3 {Golubka,P (2479)
-Zylka,S (2334) Krakow POL 2019 1-0 (42)}) 6. Nf3 Bh6 7. Nbd2 $146 ({RR} 7. Bg5
f6 8. Bxh6 Nxh6 9. c4 e6 10. cxd5 exd5 11. exf6 Nd7 12. Nbd2 Qxf6 13. O-O O-O
14. Qb3 Kh8 15. Rae1 Qd6 16. Nh2 Nf6 17. Ndf3 a5 18. Ne5 Ne4 19. Qe3 Kg7 20.
Bd3 {1/2-1/2 (20) Papista,A (2240)-Hajdu,B (2110) Hungary 1998}) 7... Nd7 8.
O-O e6 9. Re1 Ne7 10. b3 a6 11. a4 b5 12. c3 O-O 13. Ba3 Re8 14. Nf1 Bg4 15.
N1h2 Bxf3 16. Nxf3 Nf5 17. g3 Qc7 18. Bd3 Ne7 19. Bxe7 Rxe7 20. axb5 cxb5 21.
Qc2 Nf8 22. b4 Qb7 23. Ra5 Rc8 24. Rea1 Rc6 25. Kg2 Rec7 26. R5a3 Qc8 27. Qe2
Kg7 28. Nh2 Nd7 29. g4 Nb8 30. g5 Qd8 31. Nf3 Rxc3 32. Rxc3 Rxc3 33. gxh6+ Kh7
34. Ng5+ Kg8 35. Qd2 Rc8 36. Rc1 Nc6 37. Qf4 Qe7 38. Rc5 Rc7 39. Qc1 Qd7 40.
Qc2 f5 41. exf6 e5 42. f7+ Kf8 43. Nh7+ Kxf7 44. Bxg6+ Ke7 45. Bxh5 e4 46. Qd2
Qe6 47. Qg5+ Kd6 48. Nf8 1-0

[Event "Floripa Chess Open 2024"]
[Site "Florianopolis"]
[Date "2024.01.24"]
[Round "6.179"]
[White "Goetten Wagner, Julia"]
[Black "Balbinotti, Rafael Tiago Busane"]
[Result "1-0"]
[WhiteElo "1658"]
[BlackElo "1345"]
[PlyCount "85"]
[EventDate "2024.01.20"]
[EventRounds "10"]
[EventCountry "BRA"]

1. e4 {Baburin,A} c6 2. d4 d5 3. e5 Bf5 4. Nc3 e6 5. g4 Bg6 6. Nge2 c5 7. h4 h5
8. Nf4 hxg4 ({RR} 8... Ne7 9. Nb5 Nec6 10. Nxg6 fxg6 11. Bd3 cxd4 12. Bxg6+ Kd7
13. Nxd4 Nxd4 14. Qxd4 Nc6 15. Qa4 hxg4 16. Bf4 Qb6 17. O-O-O Kc7 18. Bf7 Nd8
19. Be8 Nc6 20. Bf7 Nd8 21. Be8 Nc6 22. Be3 Bc5 23. Bxc5 {Kogan,A (2475)
-Finkel,A (2505) Jerusalem 1996 CBM 056 [Baburin,A] 1-0}) ({RR} 8... Ne7 9. Nb5
Nec6 10. Nxg6 fxg6 11. Qd3 Kd7 12. Be3 a6 13. Nc3 cxd4 14. Bxd4 Nxd4 15. Qxd4
Nc6 16. Qf4 Bb4 17. O-O-O Bxc3 18. bxc3 Rf8 19. Qe3 Qa5 20. gxh5 Qxa2 21. hxg6
Qa3+ 22. Kd2 b5 23. h5 {Chambers,C-Suvorov,L (2280) chess.com INT 2021 1-0 (33)
}) 9. Nxg6 fxg6 10. Qxg4 Ne7 $146 ({RR} 10... Qd7 11. Nb5 Nc6 12. Qxg6+ Kd8 13.
Bg5+ Nge7 14. Bh3 Nxd4 15. Nxd4 cxd4 16. Qxe6 Qxe6 17. Bxe6 Kc7 18. O-O-O Ng6
19. Rxd4 Nxe5 20. Rxd5 Nf3 21. Bf4+ Kb6 22. Rh3 Re8 23. Be3+ Kc6 24. Bf7 Ng1
25. Rh1 {Berg,P-Gassner,R Leimen 2001 1-0 (34)}) ({RR} 10... Qd7 11. Bd3 cxd4
12. Bg5 Be7 13. Nb5 Nh6 14. Bxg6+ Kd8 15. Qe2 Nf5 16. O-O-O a6 17. Nd6 Nxd6 18.
exd6 Qxd6 19. Bxe7+ Qxe7 20. Rxd4 Nc6 21. Rf4 Qd6 22. Rf7 Ne5 23. Rxg7 Nxg6 24.
Rxg6 Re8 25. h5 {Callet,E-Leray,J Massy 1995 1-0 (36)}) ({RR} 10... Qd7 11.
Qxg6+ Qf7 12. Qxf7+ Kxf7 13. Be3 cxd4 14. Bxd4 Nc6 15. O-O-O g5 16. h5 Bg7 17.
Be3 Bh6 18. Bh3 d4 19. Bxd4 g4+ 20. Kb1 gxh3 21. Rxh3 Bg7 22. f4 Rd8 23. Nb5 a6
24. Nd6+ Rxd6 25. exd6 {Mihok,O (1913)-Friedrich,W (1431) Willingen 2003 1/2-1/
2}) 11. Nb5 Kd7 12. Nd6 Qc7 13. Bb5+ Nbc6 14. dxc5 a6 15. Ba4 b5 16. cxb6 Qxb6
17. Nf7 Rh5 18. Ng5 Nf5 19. Nxe6 Bc5 20. Nxc5+ Qxc5 21. Be3 Qa5+ 22. Bd2 Qb6
23. O-O-O Rb8 24. e6+ Ke7 25. Bb3 Ne5 26. Bg5+ Kxe6 27. Bxd5+ Kd7 28. Bb3+ Kc8
29. Qe4 Rxg5 30. hxg5 Qb5 31. Rd5 Nd3+ 32. Rxd3 Rb6 33. Rh8+ Kc7 34. Qf4+ Rd6
35. Qc4+ Qxc4 36. Bxc4 Rb6 37. Bd5 Rd6 38. Be4 Rxd3 39. Bxd3 Ne7 40. Bxa6 Kb6
41. Bd3 Kc5 42. c4 Nc6 43. Rc8 1-0

[Event "Floripa Chess Open 2024"]
[Site "Florianopolis"]
[Date "2024.01.24"]
[Round "6.180"]
[White "Arnosti, Marcelo Gusmao"]
[Black "Moura, Bernardo Lalane Mas"]
[Result "1/2-1/2"]
[WhiteElo "1525"]
[BlackElo "1327"]
[PlyCount "65"]
[EventDate "2024.01.20"]
[EventRounds "10"]
[EventCountry "BRA"]

1. d4 d5 2. Nf3 Nf6 3. Bf4 c5 4. e3 Nc6 5. c3 Qb6 6. Qc2 g6 7. Nbd2 Bf5 8. Qb3
c4 9. Qxb6 axb6 10. h3 h5 11. Ne5 $146 ({RR} 11. Be2 b5 12. O-O Bg7 13. Ne1 b4
14. a4 b5 15. a5 O-O 16. Bc7 Ra6 17. cxb4 Nxb4 18. f3 Rfa8 19. g4 Be6 20. Ng2
Bh6 21. Rfc1 Nc6 22. Ra2 Nb8 23. Bf4 g5 24. Bg3 hxg4 25. hxg4 Rxa5 {Krischak,W
(1764)-Keymer,V (2036) Wiesbaden 2014 0-1 (40)}) ({RR} 11. a3 b5 12. Rc1 Bg7
13. Be2 Nd7 14. O-O e5 15. dxe5 Ndxe5 16. Nxe5 Bxe5 17. Bxe5 Nxe5 18. Nf3 Nxf3+
19. Bxf3 O-O-O 20. Rfd1 Bd3 21. Rd2 Rhe8 22. Rcd1 Kc7 23. Be2 Bxe2 24. Rxe2 Re5
25. Rd4 Kb6 {Liu,H (2033)-Looi,X (2147) Changsha CHN 2019 1/2-1/2 (33)}) 11...
Nxe5 12. Bxe5 Rg8 13. Bxf6 exf6 14. g3 b5 15. Bg2 Be6 16. e4 dxe4 17. Nxe4 Be7
18. O-O Rd8 19. Rfe1 Kf8 20. Re2 f5 21. Nd2 Bd5 22. Re5 Bc6 23. Rae1 Bf6 24.
R5e2 Bxg2 25. Kxg2 Kg7 26. Nf3 b4 27. Ne5 bxc3 28. bxc3 b5 29. Rb1 Rd5 30. f4
Bxe5 31. fxe5 Ra8 32. Rbb2 Ra3 33. Rec2 1/2-1/2